000 00578nam a2200181Ia 4500
003 GCL
008 140319s9999 xx 000 0 ara d
040 _aGCL /
_cGCL
082 0 4 _a819
_bن ا
100 1 _aنورالدين بن بلقاسم
245 1 0 _aاصداء المجتمع والعصر فى ادب ابى حيان التوحيدى /
_cنورالدين بن بلقاسم
300 _a495 ص
490 _aكتاب
_v0
650 0 4 _aالادباء
650 0 4 _aابوحيان التوحيدى
650 0 4 _aالادباء العرب - تراجم
942 _2ddc
_cBK
999 _c41595
_d41595